Statistics for Most Populated Non Russian Cities In Soviet Union

Click here to take the quiz!

General Stats

  • This quiz has been taken 56 times
  • The average score is 9 of 10

Answer Stats

PopAnswer% Correct
2.9 MillionKiev
100%
1.9 MillionMinsk
94%
1 millionYerevan
91%
2.1 MillionBaku
87%
1.4 MillionKharkiv
87%
1 MillionTbilisi
87%
2.5 MillionTashkent
85%
1.7 MillionAlmaty
83%
1 MillionOdessa
77%
980000Dnipro
72%

Score Distribution

Percentile by Number Answered

Percent of People with Each Score

Your Score History

You have not taken this quiz